<?xml version="1.0" encoding="UTF-8"?>
<record
    xmlns:xsi="http://www.w3.org/2001/XMLSchema-instance"
    xsi:schemaLocation="http://www.loc.gov/MARC21/slim http://www.loc.gov/standards/marcxml/schema/MARC21slim.xsd"
    xmlns="http://www.loc.gov/MARC21/slim">

  <leader>01322    a2200217   4500</leader>
  <controlfield tag="001">58599</controlfield>
  <controlfield tag="005">20260407155842.0</controlfield>
  <controlfield tag="008">260407a1988    arg                 spa d</controlfield>
  <controlfield tag="003">AR-UNSa-BCEJYS</controlfield>
  <datafield tag="040" ind1=" " ind2=" ">
    <subfield code="a">AR-UNSa-BCEJYS</subfield>
    <subfield code="b">spa</subfield>
    <subfield code="c">AR-UNSa-BCEJYS</subfield>
  </datafield>
  <datafield tag="080" ind1=" " ind2=" ">
    <subfield code="a">336.22</subfield>
    <subfield code="x">Impuestos</subfield>
  </datafield>
  <datafield tag="245" ind1="1" ind2="0">
    <subfield code="a">Impuestos sobre los capitales y sobre el patrimonio neto</subfield>
  </datafield>
  <datafield tag="020" ind1=" " ind2=" ">
    <subfield code="a">950-9524-33-6</subfield>
  </datafield>
  <datafield tag="264" ind1=" " ind2="1">
    <subfield code="a">Buenos Aires :</subfield>
    <subfield code="b">Errepar</subfield>
    <subfield code="c">1988</subfield>
  </datafield>
  <datafield tag="300" ind1=" " ind2=" ">
    <subfield code="a">393 p.</subfield>
    <subfield code="c">22 cm.</subfield>
  </datafield>
  <datafield tag="505" ind1=" " ind2=" ">
    <subfield code="a">PRIMERA PARTE: Aspectos te&#xF3;ricos de la imposici&#xF3;n al patrimonio / SEGUNDA PARTE: El impuesto sobre los capitales en la Argentina - 1. Antecedenctes de su creaci&#xF3;n. Caracter&#xED;sticas principales. Tratamiento de los casos no previstos en sus normas - 2. Objeto - 3. Sujetos - 4. Exenciones - 5. Base imponible. Valuaci&#xF3;n del activo - 6. Pasivo - 7. Liquidaci&#xF3;n, declaraci&#xF3;n e ingresos del gravamen / TERCERA PARTE: El impuesto sobre el patrimonio neto en la Argentina - 8. Antecedentes de su creaci&#xF3;n en la Argentina, caracter&#xED;sticas y efectos econ&#xF3;micos - 9. Hecho imponible. Sujetos - 10. Exenciones. Bienes situados en el pais. Liquidaci&#xF3;n del gravamen - Valuaci&#xF3;n de los bienes. Bienes computables y no computables </subfield>
  </datafield>
  <datafield tag="942" ind1=" " ind2=" ">
    <subfield code="c">BK</subfield>
  </datafield>
  <datafield tag="590" ind1=" " ind2=" ">
    <subfield code="a">niveau_biblio:m niveau_hierar:0</subfield>
  </datafield>
  <datafield tag="100" ind1="1" ind2=" ">
    <subfield code="a">Litvak, Jos&#xE9; D.</subfield>
  </datafield>
  <datafield tag="700" ind1="1" ind2=" ">
    <subfield code="a">Gebhardt, Jorge</subfield>
  </datafield>
  <datafield tag="999" ind1=" " ind2=" ">
    <subfield code="c">6468</subfield>
    <subfield code="d">6468</subfield>
  </datafield>
  <datafield tag="952" ind1=" " ind2=" ">
    <subfield code="0">0</subfield>
    <subfield code="1">0</subfield>
    <subfield code="4">0</subfield>
    <subfield code="7">0</subfield>
    <subfield code="a">BCEJYS</subfield>
    <subfield code="b">BCEJYS</subfield>
    <subfield code="c">16</subfield>
    <subfield code="d">2026-04-07</subfield>
    <subfield code="l">0</subfield>
    <subfield code="o">336.22 L775</subfield>
    <subfield code="p">L53290</subfield>
    <subfield code="r">2026-04-07 15:58:42</subfield>
    <subfield code="w">2026-04-07</subfield>
    <subfield code="y">L</subfield>
  </datafield>
</record>
